000 00813nam a2200253 i 4500
001 bg
100 1 _aHRYCAJ, Jerzy.
245 1 0 _aPrawo handlowe z objaśnieniami.
_nT.1 /
_cJerzy Hrycaj, Aleksander Stuglik ; Wyższa Szkoła Ekonomii i Administracji w Bytomiu.
260 _aBytom :
_bWSEiA,
_c2003.
300 _a244 s. ;
_c24 cm.
500 _aNa książce wyłącznie błędny ISBN.
504 _aBibliogr. przy rozdz.
650 9 _aPrawo handlowe
_zPolska
_ystan na 2003 r.
655 _aPodręczniki akademickie
700 1 _aSTUGLIK, Aleksander.
710 0 _aWyższa Szkoła Ekonomii i Administracji (Bytom)
020 _a8388587013
040 _cBPK
041 0 _apol
080 _a347.7(438)(075.8)
920 _a83-88587-01-3
942 _cKS
008 s pl f |000 0 pol
999 _c43716
_d43716
856 _uhttp://koha.tu.koszalin.pl/cgi-bin/koha/opac-detail.pl?biblionumber=43716
_yKatalog online BPK